| 000 | 01518nam a2200373 i 4500 | ||
|---|---|---|---|
| 003 | CO-BoRNBP | ||
| 005 | 20230324135142.0 | ||
| 007 | ta | ||
| 008 | 211011s2021 ck ab||br|||| 00| 0 spa d | ||
| 020 | _a9789588846798 | ||
| 040 |
_aCO-BoRNBP _bspa _erda _cCO-BoRNBP |
||
| 041 | 1 |
_aspa _hfre |
|
| 082 |
_aR 912.19 _bF41a _222 |
||
| 100 | 1 |
_aFlavigny, Laure _eautora _9545 |
|
| 245 | 1 | 0 |
_aAtlas _b¿cómo funciona el mundo? _cLaure Flavigny, Jessie Magana ; ilustraciones de Aurelie Boissiere, Séverine Assous ; traducción de Pau Joan Hernández |
| 250 | _aEdición especial | ||
| 264 | 1 |
_aBogotá, Colombia _bAlianza Distribuidora de Colombia _bJuventud _c2021 |
|
| 300 |
_a[50] páginas sin numerar _bilustraciones, mapas a color _c41 cm |
||
| 336 |
_atexto _btxt _2rdacontent |
||
| 337 |
_asin mediación _bn _2rdamedia |
||
| 338 |
_avolumen _bnc _2rdacarrier |
||
| 490 | 0 | _aPlan Nacional de Lectura y Escritura Leer es mi Cuento / Ministerio de Cultura | |
| 521 | _aRecomendado para un público infantil mayor de 9 años | ||
| 534 | _tAtlas. Comment ca le monde? | ||
| 650 | 1 | 7 |
_aAtlas _xLiteratura infantil _2LEMB _9546 |
| 650 | 1 | 7 |
_aMapas _xLiteratura infantil _2LEMB _9547 |
| 650 | 1 | 7 |
_aGeografía _xLiteratura infantil _2LEMB _9548 |
| 650 | 1 | 7 |
_aCivilización _xLiteratura infantil _2LEMB _9549 |
| 700 | 1 |
_aMagana, Jessie _eautora _9550 |
|
| 700 | 1 |
_aBoissiere, Aurelie _eilustradora _9551 |
|
| 700 | 1 |
_aAssous, Séverine _eilustradora _9552 |
|
| 700 | 1 |
_aHernández, Pau Joan _etraductor _9553 |
|
| 942 |
_2ddc _cREF |
||
| 999 |
_c9271 _d9271 |
||